Quizzes
Events
Quiz Creation
Community
Videos
Private Events
Remove Ads
Sign In
Join for FREE
Feedback
Dark Mode
Quiz Categories
Sports
Geography
Music
Movies
Television
Just For Fun
Miscellaneous
History
Literature
Language
Science
Gaming
Entertainment
Religion
Holiday
For Kids
Quiz Lab
Recent
Popular Today
Quiz Kudos Today
Editor Picks
Curator Picks
Quizzes by...
Day
Popularity
Type
Ratings
Length
Year
Community
Subscriptions
Recent Discussions
Orange Saloon
Badges
Playlists
Quests
Create
Leaderboards
Showdown
Live 5
Trivia Bingo
Activity
Puzzle Library
Sporcle Events
Private Events
Virtual Trivia
Globe League
Become a Host
Pub Owners
SporcleCon
Opinionation
Our Games
Videos
Blog
Mobile Apps
Partnerships
Remove Ads and Go Orange
Feedback
Sports
Athletes
MLB
NBA
NHL
NFL
Soccer
Sports Teams
WWE
NCAA
Football
Premier League
Basketball
Baseball
Hockey
Golf
Tennis
Cricket
Rugby
Auto Racing
Olympics
World Cup
Sports
Athletes
MLB
NBA
NHL
NFL
Soccer
Sports Teams
WWE
NCAA
Football
Premier League
Basketball
Baseball
Hockey
Golf
Tennis
Cricket
Rugby
Auto Racing
Olympics
World Cup
Random Quiz
Search Sporcle
×
Quiz Lab
Quiz Lab
Sports
NHL
Type in answers that appear in a list
Type in answers that appear in a list
Classic
Best Score? Go Orange.
NHL Teams by Arena Stats
Can you name the teams of the NHL by their arenas?
By
Pedro188
4m
30 Questions
463 Plays
463 Plays
463 Plays
Comments
Comments
Give Quiz Kudos
Give Quiz Kudos
-
- Ratings
hide this ad
Forced Order
Answers have to be entered in order
Answers have to be entered in order
Replay
Link that replays current quiz
Next Quiz
Link to next quiz in quiz playlist
You Got
0%
They Got
Avg Score
58%
Avg Friend Score
Upgrade to see
Score Distribution
Jump to the score distribution portion of the page
Score
0/30
Timer
04:00
0
Plays Today
Stadium
Team
% Correct
Madison Square Garden
New York Rangers
95.2%
Air Canada Centre
Toronto Maple Leafs
92.9%
TD Garden
Boston Bruins
88.8%
Joe Louis Arena
Detroit Red Wings
79.3%
Verizon Center
Washington Capitals
75.4%
Rogers Arena
Vancouver Canucks
74.3%
Bell Centre
Montreal Canadiens
72.6%
American Airlines Center
Dallas Stars
71.9%
Scotiabank Saddledome
Calgary Flames
71.7%
HP Pavilion at San Jose
San Jose Sharks
70.2%
Rexall Place
Edmonton Oilers
69.3%
Staples Center
Los Angeles Kings
67.4%
Pepsi Center
Colorado Avalanche
60.9%
Nassau Veterans Memorial Coliseum
New York Islanders
60.3%
Honda Center
Anaheim Ducks
60.3%
Stadium
Team
% Correct
Consol Energy Center
Pittsburgh Penguins
53.1%
United Center
Chicago Blackhawks
53.1%
Wells Fargo Center
Philadelphia Flyers
52.9%
Prudential Center
New Jersey Devils
51.4%
Nationwide Arena
Columbus Blue Jackets
49.2%
Bridgestone Arena
Nashville Predators
47.7%
Xcel Energy Center
Minnesota Wild
46.9%
Scotiabank Place
Ottawa Senators
43%
Jobing.com Arena
Phoenix Coyotes
42.5%
St. Pete Times Forum
Tampa Bay Lightning
40%
Scottrade Center
St. Louis Blues
38.2%
Philips Arena
Atlanta Thrashers
33.9%
BankAtlantic Center
Florida Panthers
28.9%
HSBC Arena
Buffalo Sabres
27.6%
RBC Center
Carolina Hurricanes
27%
Quiz Playlist
Details
Report
Send in Message
Add To Playlist
Classic:
Type in answers that appear in a list
Forced Order:
Answers have to be entered in order
Last Updated: Feb 16, 2017
Quiz Scoreboard
CHALLENGE
Sign Up to Join the Scoreboard
Show All
Scores
Hide
Comments
May contain spoilers
Recently Published
An Introduction to Baseball
by treessimontrees
Sports
5m
Movies - When Are They Set?
by FPL_Elf
Movies
5m
Popular People in 1961
by mucciniale
History
6m
More to Explore
Quiz From the Vault
Featured Blog Post
Where Did the Easter Bunny Come From?
hide this ad
You Might Also Like...
Tags
Hockey Quiz
NHL Quiz
arena
Center
Ice Hockey
Stadiums
team
Today's Top Quizzes in Sports
Browse Sports
hide this ad
Today's Top Quizzes in NHL
Browse NHL
Top Contributed Quizzes in Sports
1
Les meilleurs buteurs des matchs entre le PSG et l’OM
2
2022 World Cup Stars
3
FIFA Club World Cup Champions
4
Les entraîneurs de l'OM et du PSG au 21e siècle
5
Name the Premier League winners with different clubs
6
La finale Lions - Afrique du Sud 2021
7
Les joueurs passés par le LOSC et le RC Lens
8
Criteria MLB: Left Handed Sluggers
9
Players with Multiple 50 Home Run Seasons
10
5-to-1: UK Sports Teams
Explore More
Trending Topics
Kpop
Anime
Marvel
NBA
Crossword
Disney
Harry Potter
The Office
Soccer
Song
Puzzle
Pokémon
Country
NFL
WWE
hide this ad
More By:
Pedro188
Quiz
Plays
Rating
Category
Featured
Created
US States by Phonetic Name
126,647
4.38
Geography
Jun 4, 2011
Gimme Five: Actors And Actresses
107,269
4.12
Movies
Jul 2, 2011
Five Song Frenzy
76,683
4.12
Music
Jun 10, 2011
Gimme Five: Actors And Actresses II
66,154
4.28
Movies
Jul 2, 2011
US State Capitals by Phonetic Name
57,962
4.58
Geography
Jun 28, 2011
Go to Creator's Profile
Score Distribution
Quiz Creator Spotlight
Pedro188
Follow
Send a Message
Quizzes Created
-
Created Quiz Play Count
-
More By This Creator
Popular Quizzes Today
1
Find the Countries of Europe - No Outlines Minefield
2
Find the US States - No Outlines Minefield
3
The Countries of the World
4
Popular People in 1961
5
US States
6
Find the US States
7
1-10 Letter E Words III
8
Risky Map Clicking: Biggest States A-Z
More Sports Quizzes
Premier League 'Big Six' Scorers at Liverpool in 2010s
Quiz Lab
Trending Quizzes
Risky Map Clicking: Least Populous States A-Z
1-10 Letter F Words
1-10 Letter G Words
One Thing in Common: United Kingdom
Not Quite an Element Typing Challenge
Recently Updated
Leaping Animals
pecheneg
Reality TV Shows (A-Z)
bhenderson79
Rickey Henderson's Hall of Fame Teammates
pecheneg
Champions League XIs: Arsenal
pecheneg
Quick Pick: Celebrities in WWE's Hall of Fame
aduchscher
A-Z Keypad Blitz II
pecheneg
Multiple Oscar Actors
pecheneg
Mystery Phrase Blitz: Oscar 'Best Actors'
pecheneg
F. Scott Fitzgerald Novels
LTH
Pick 3 Villains
ddd62291
Trending Topics
NBA
Harry Potter
Kpop
Marvel
Disney
Crossword
Anime
Soccer
Puzzle
The Office
Pokémon
Song
Country
WWE
NFL
Your Account Isn't Verified!
In order to create a playlist on Sporcle, you need to verify the email address you used during registration. Go to your
Sporcle Settings
to finish the process.
Report this User
Report this user for behavior that violates our
Community Guidelines
.
Details:
Send Report
Go to the Sporcle.com Mobile Site →
Comments